[Event "EYCC 2024 - O10"]
[Site "?"]
[Date "2024.08.26"]
[Round "5.10"]
[White "Mikkelsen, Anders Askjaer"]
[Black "Shabunin, Oleksandr"]
[Result "0-1"]
[BlackElo "1656"]
[WhiteElo "1842"]
[LiveChessVersion "1.4.8"]

1. e4 {[%clk 1:30:51]} c5 {[%clk 1:30:48]} 2. Nf3 {[%clk 1:31:06]} Nc6
{[%clk 1:31:06]} 3. d4 {[%clk 1:31:18]} cxd4 {[%clk 1:31:26]} 4. Nxd4
{[%clk 1:31:39]} g6 {[%clk 1:31:44]} 5. Be3 {[%clk 1:31:40]} Bg7 {[%clk 1:31:10]}
6. Nc3 {[%clk 1:31:52]} Nf6 {[%clk 1:30:58]} 7. Bc4 O-O {[%clk 1:28:44]} 8. Bb3
{[%clk 1:31:49]} Re8 {[%clk 1:26:45]} 9. f3 {[%clk 1:32:05]} e6 {[%clk 1:25:20]}
10. f4 {[%clk 1:32:22]} d6 {[%clk 1:19:49]} 11. Ndb5 {[%clk 1:32:33]} Bf8
{[%clk 1:10:31]} 12. O-O {[%clk 1:25:16]} a6 {[%clk 0:47:43]} 13. Nd4
{[%clk 1:23:44]} d5 {[%clk 0:33:53]} 14. e5 {[%clk 1:12:56]} Nd7 {[%clk 0:33:50]}
15. g4 {[%clk 1:09:23]} Bg7 {[%clk 0:31:37]} 16. Nxc6 {[%clk 1:04:49]} bxc6
{[%clk 0:31:32]} 17. Qf3 {[%clk 1:02:45]} Rb8 {[%clk 0:30:47]} 18. Rad1
{[%clk 0:58:05]} Qc7 {[%clk 0:29:00]} 19. h4 {[%clk 0:56:04]} Bb7
{[%clk 0:25:35]} 20. Ne2 {[%clk 0:52:15]} c5 {[%clk 0:24:09]} 21. Qg3
{[%clk 0:50:08]} d4 {[%clk 0:23:08]} 22. Bf2 {[%clk 0:49:51]} Nb6
{[%clk 0:19:23]} 23. a3 {[%clk 0:49:13]} a5 {[%clk 0:13:12]} 24. c3
{[%clk 0:48:54]} Ba6 {[%clk 0:11:44]} 25. Rfe1 {[%clk 0:48:42]} d3
{[%clk 0:09:26]} 26. Nc1 {[%clk 0:48:37]} c4 {[%clk 0:09:20]} 27. Ba2
{[%clk 0:49:00]} Na4 {[%clk 0:08:51]} 28. Bd4 {[%clk 0:42:45]} Rxb2
{[%clk 0:08:50]} 29. Qe3 {[%clk 0:38:48]} Qc6 {[%clk 0:07:16]} 30. Rd2
{[%clk 0:38:37]} Rxd2 {[%clk 0:06:19]} 31. Qxd2 {[%clk 0:38:46]} Rb8
{[%clk 0:06:31]} 32. Nxd3 {[%clk 0:37:57]} cxd3 {[%clk 0:06:33]} 33. Rb1
{[%clk 0:38:21]} Rxb1+ {[%clk 0:06:42]} 34. Bxb1 {[%clk 0:38:43]} Qf3
{[%clk 0:06:39]} 35. g5 {[%clk 0:36:47]} Qg4+ {[%clk 0:05:30]} 36. Kf1
{[%clk 0:37:07]} Qxh4 {[%clk 0:03:49]} 37. Bxd3 {[%clk 0:37:05]} Qh3+
{[%clk 0:04:04]} 38. Ke2 {[%clk 0:37:21]} Qg4+ {[%clk 0:03:03]} 39. Kf2
{[%clk 0:37:20]} Bxd3 {[%clk 0:03:09]} 40. Qxd3 {[%clk 0:37:06]} Qxf4+
{[%clk 0:03:14]} 41. Ke2 {[%clk 0:37:19]} Bxe5 {[%clk 0:03:02]} 42. Be3
{[%clk 0:36:57]} Qg4+ {[%clk 0:03:04]} 43. Kf2 {[%clk 0:36:15]} Qf5+
{[%clk 0:03:13]} 44. Qxf5 {[%clk 0:36:11]} gxf5 45. c4 {[%clk 0:36:25]} Bd6
{[%clk 0:03:45]} 46. Ke2 {[%clk 0:36:40]} Bxa3 {[%clk 0:03:58]} 47. Kd2
{[%clk 0:36:33]} e5 {[%clk 0:03:48]} 48. Kc2 {[%clk 0:36:54]} Bb4
{[%clk 0:03:50]} 49. Kd3 {[%clk 0:36:29]} Nc5+ {[%clk 0:03:55]} 50. Ke2
{[%clk 0:36:40]} f4 {[%clk 0:03:55]} 51. Bg1 {[%clk 0:36:58]} e4 {[%clk 0:04:17]}
52. Bh2 {[%clk 0:37:14]} Ne6 {[%clk 0:04:24]} 53. Kf2 {[%clk 0:36:49]} Bc5+
{[%clk 0:04:29]} 54. Kf1 {[%clk 0:36:43]} f3 {[%clk 0:04:48]} 55. Bg3
{[%clk 0:36:51]} e3 {[%clk 0:04:59]} 56. Bh2 {[%clk 0:37:04]} e2+
{[%clk 0:05:20]} 57. Ke1 {[%clk 0:37:17]} Bb4+ {[%clk 0:05:39]} 58. Kf2
{[%clk 0:37:37]} e1=Q+ {[%clk 0:05:44]} 59. Kxf3 {[%clk 0:37:59]} Nd4+
{[%clk 0:05:45]} 60. Kg4 {[%clk 0:38:00]} Qe4+ {[%clk 0:05:47]} 61. Bf4
{[%clk 0:38:04]} Qf3+ {[%clk 0:05:56]} 62. Kh4 {[%clk 0:38:18]} 0-1

[Event "EYCC 2024 - O10"]
[Site "?"]
[Date "2024.08.26"]
[Round "5.11"]
[White "Andre, Tomas"]
[Black "Ejsymont, Eryk"]
[Result "1-0"]
[BlackElo "1727"]
[WhiteElo "2051"]
[LiveChessVersion "1.4.8"]

1. e4 {[%clk 1:30:21]} c6 {[%clk 1:30:33]} 2. d4 {[%clk 1:30:49]} d5
{[%clk 1:30:53]} 3. exd5 {[%clk 1:31:09]} cxd5 {[%clk 1:31:10]} 4. c4
{[%clk 1:31:38]} Nf6 {[%clk 1:29:26]} 5. Nc3 Nc6 {[%clk 1:25:50]} 6. Nf3
{[%clk 1:32:36]} Bg4 {[%clk 1:21:21]} 7. cxd5 {[%clk 1:32:36]} Nxd5
{[%clk 1:20:47]} 8. Qb3 {[%clk 1:32:38]} Bxf3 {[%clk 1:12:59]} 9. gxf3
{[%clk 1:32:29]} Nb6 {[%clk 0:58:22]} 10. d5 {[%clk 1:30:30]} Nd4
{[%clk 0:56:05]} 11. Bb5+ {[%clk 1:30:55]} Nd7 {[%clk 0:52:06]} 12. Qa4
{[%clk 1:31:07]} Nxb5 13. Qxb5 {[%clk 1:30:09]} g6 {[%clk 0:42:43]} 14. d6
{[%clk 1:15:37]} Qb6 {[%clk 0:40:29]} 15. Qxb6 {[%clk 1:13:27]} Nxb6
{[%clk 0:37:48]} 16. Bf4 {[%clk 1:09:34]} Nc4 {[%clk 0:34:59]} 17. Nb5
{[%clk 1:07:45]} e5 {[%clk 0:29:23]} 18. Rc1 {[%clk 0:59:32]} Nxb2
{[%clk 0:24:00]} 19. O-O {[%clk 0:50:13]} exf4 {[%clk 0:19:13]} 20. Nc7+
{[%clk 0:50:08]} Kd7 {[%clk 0:18:37]} 21. Nxa8 {[%clk 0:50:27]} Bxd6
{[%clk 0:16:52]} 22. Rc2 {[%clk 0:50:07]} Rxa8 {[%clk 0:12:42]} 23. Rxb2
{[%clk 0:50:24]} b6 {[%clk 0:12:35]} 24. Rd1 {[%clk 0:47:48]} Re8
{[%clk 0:08:57]} 25. a4 {[%clk 0:44:41]} Ke6 {[%clk 0:05:42]} 26. Re2+
{[%clk 0:44:49]} Be5 {[%clk 0:05:24]} 27. Rxe5+ {[%clk 0:45:10]} Kxe5
{[%clk 0:05:52]} 28. Re1+ {[%clk 0:45:39]} Kd5 {[%clk 0:06:16]} 29. Rxe8
{[%clk 0:45:58]} Kc5 {[%clk 0:06:29]} 30. Kf1 {[%clk 0:46:04]} f5
{[%clk 0:06:52]} 31. Re7 {[%clk 0:45:35]} a5 {[%clk 0:06:58]} 32. Rxh7
{[%clk 0:45:46]} Kb4 {[%clk 0:07:19]} 33. Rh6 {[%clk 0:46:08]} Kxa4
{[%clk 0:07:37]} 34. Rxg6 {[%clk 0:46:27]} b5 {[%clk 0:08:01]} 35. Ke2
{[%clk 0:46:23]} b4 {[%clk 0:08:28]} 36. Kd2 {[%clk 0:45:31]} Kb3
{[%clk 0:07:58]} 37. Kc1 {[%clk 0:45:53]} a4 {[%clk 0:08:23]} 38. Kb1
{[%clk 0:46:13]} Ka3 {[%clk 0:08:46]} 39. h4 {[%clk 0:46:02]} b3 {[%clk 0:09:12]}
40. Rb6 {[%clk 0:46:10]} b2 {[%clk 0:09:37]} 41. Kc2 {[%clk 0:46:34]} b1=Q+
{[%clk 0:09:57]} 42. Rxb1 {[%clk 0:46:53]} Ka2 {[%clk 0:09:58]} 43. h5
{[%clk 0:47:12]} a3 {[%clk 0:10:22]} 44. Rb3 {[%clk 0:47:35]} Ka1
{[%clk 0:10:47]} 45. Rxa3# {[%clk 0:47:50]} 1-0

[Event "EYCC 2024 - O10"]
[Site "?"]
[Date "2024.08.26"]
[Round "5.12"]
[White "Dayal, Samar"]
[Black "Pasula, Milos"]
[Result "1/2-1/2"]
[BlackElo "1974"]
[WhiteElo "1721"]
[LiveChessVersion "1.4.8"]

1. e4 c6 {[%clk 1:30:47]} 2. d4 {[%clk 1:31:27]} d5 {[%clk 1:31:12]} 3. exd5
{[%clk 1:31:53]} cxd5 {[%clk 1:31:37]} 4. c4 {[%clk 1:32:18]} Nf6
{[%clk 1:32:00]} 5. Nc3 {[%clk 1:32:46]} Nc6 {[%clk 1:32:24]} 6. Nf3
{[%clk 1:33:13]} Bg4 {[%clk 1:32:46]} 7. cxd5 {[%clk 1:33:39]} Nxd5
{[%clk 1:33:10]} 8. Qb3 {[%clk 1:34:08]} Bxf3 {[%clk 1:33:32]} 9. gxf3
{[%clk 1:34:36]} Nb6 10. d5 {[%clk 1:00:08]} Nd4 {[%clk 1:33:09]} 11. Bb5+
{[%clk 1:00:34]} Nd7 {[%clk 1:33:29]} 12. Qa4 {[%clk 1:00:18]} Nxb5
{[%clk 1:33:54]} 13. Qxb5 {[%clk 0:55:28]} g6 {[%clk 1:33:57]} 14. Qxb7
{[%clk 0:27:32]} Bg7 {[%clk 1:32:48]} 15. Bf4 {[%clk 0:28:00]} O-O
{[%clk 1:31:32]} 16. O-O {[%clk 0:28:28]} Nb6 {[%clk 1:18:23]} 17. Rad1
{[%clk 0:26:31]} Nc4 {[%clk 1:12:31]} 18. Rfe1 {[%clk 0:24:43]} Qb6
{[%clk 1:10:51]} 19. Qxb6 {[%clk 0:22:27]} axb6 {[%clk 1:10:52]} 20. Bc1
{[%clk 0:22:53]} Bf6 {[%clk 1:09:30]} 21. Re2 {[%clk 0:20:25]} Rfd8
{[%clk 0:58:03]} 22. b3 {[%clk 0:17:38]} Ne5 {[%clk 0:57:22]} 23. Kg2
{[%clk 0:17:49]} Rdc8 {[%clk 0:55:04]} 24. Ne4 {[%clk 0:17:47]} Bg7
{[%clk 0:55:06]} 25. Be3 {[%clk 0:17:21]} Nd7 {[%clk 0:47:24]} 26. a4
{[%clk 0:14:59]} h6 {[%clk 0:44:26]} 27. Bd4 {[%clk 0:14:45]} Bxd4
{[%clk 0:42:11]} 28. Rxd4 {[%clk 0:15:14]} Kf8 {[%clk 0:39:18]} 29. Re3
{[%clk 0:14:08]} Rc2 {[%clk 0:38:36]} 30. Rc3 {[%clk 0:12:45]} Rxc3
{[%clk 0:35:32]} 31. Nxc3 {[%clk 0:13:13]} Rc8 {[%clk 0:35:53]} 32. Nd1
{[%clk 0:06:03]} Rc1 {[%clk 0:32:18]} 33. b4 {[%clk 0:04:07]} Ra1
{[%clk 0:32:05]} 34. Nb2 {[%clk 0:03:50]} Ra2 {[%clk 0:32:11]} 35. Rd2
{[%clk 0:04:15]} Ke8 {[%clk 0:31:22]} 36. f4 {[%clk 0:04:27]} Kd8
{[%clk 0:30:56]} 37. f3 {[%clk 0:03:41]} Kc7 {[%clk 0:30:51]} 38. Kf2
{[%clk 0:03:33]} Nf6 {[%clk 0:30:49]} 39. a5 {[%clk 0:00:56]} bxa5 40. bxa5
{[%clk 0:01:19]} Rxa5 {[%clk 0:31:23]} 41. d6+ {[%clk 0:01:47]} exd6
{[%clk 0:31:42]} 42. Rxd6 {[%clk 0:02:16]} Nd5 {[%clk 0:30:33]} 43. Nc4
{[%clk 0:02:05]} Ra2+ {[%clk 0:30:18]} 44. Kg1 {[%clk 0:01:33]} Nxf4
{[%clk 0:26:23]} 45. Rf6 {[%clk 0:01:43]} Nh3+ {[%clk 0:26:29]} 46. Kh1
{[%clk 0:01:41]} Ng5 {[%clk 0:26:31]} 47. h4 Ra4 {[%clk 0:25:44]} 1/2-1/2

[Event "EYCC 2024 - O10"]
[Site "?"]
[Date "2024.08.26"]
[Round "5.13"]
[White "Pasca, Alexandru-Daniel"]
[Black "Steinbrenner, Peter"]
[Result "0-1"]
[BlackElo "1951"]
[WhiteElo "1654"]
[LiveChessVersion "1.4.8"]

1. e4 {[%clk 1:30:58]} c5 {[%clk 1:30:49]} 2. c3 {[%clk 1:31:24]} Nf6
{[%clk 1:30:54]} 3. e5 {[%clk 1:31:49]} Nd5 {[%clk 1:31:14]} 4. d4
{[%clk 1:32:11]} cxd4 {[%clk 1:31:26]} 5. cxd4 {[%clk 1:32:37]} e6
{[%clk 1:31:40]} 6. Nf3 {[%clk 1:32:45]} d6 {[%clk 1:31:48]} 7. Nc3 Nc6
{[%clk 1:30:00]} 8. exd6 {[%clk 1:26:07]} Bxd6 {[%clk 1:28:00]} 9. Bd3
{[%clk 1:26:05]} Nxc3 {[%clk 1:23:00]} 10. bxc3 {[%clk 1:26:15]} Qa5
{[%clk 1:22:27]} 11. Bd2 {[%clk 1:18:03]} Qh5 {[%clk 1:22:06]} 12. Rb1
{[%clk 1:10:28]} a6 {[%clk 1:11:27]} 13. h3 {[%clk 1:03:00]} Qa5 {[%clk 0:35:23]}
14. Qc2 {[%clk 0:57:42]} h6 {[%clk 0:31:44]} 15. O-O {[%clk 0:41:55]} O-O
{[%clk 0:30:18]} 16. Rfe1 {[%clk 0:40:42]} Qc7 {[%clk 0:25:10]} 17. Be3
{[%clk 0:33:32]} b5 {[%clk 0:16:58]} 18. Qd2 {[%clk 0:30:04]} f5 {[%clk 0:16:38]}
19. Qd1 {[%clk 0:21:28]} e5 {[%clk 0:07:49]} 20. dxe5 {[%clk 0:19:49]} Nxe5
{[%clk 0:08:11]} 21. Nxe5 {[%clk 0:14:41]} Bxe5 {[%clk 0:08:36]} 22. Rc1
{[%clk 0:12:15]} Bb7 {[%clk 0:04:58]} 23. c4 {[%clk 0:09:01]} b4 {[%clk 0:04:52]}
24. Be2 {[%clk 0:03:39]} Bc3 {[%clk 0:04:31]} 25. Rf1 {[%clk 0:03:37]} Rad8
{[%clk 0:04:09]} 26. Qb3 {[%clk 0:03:00]} Rf6 {[%clk 0:02:48]} 27. Rcd1
{[%clk 0:02:34]} Re8 {[%clk 0:02:26]} 28. Qc2 {[%clk 0:02:05]} Rg6
{[%clk 0:01:55]} 29. Bg4 {[%clk 0:01:46]} Be4 {[%clk 0:01:58]} 30. Qa4
{[%clk 0:01:54]} Re7 {[%clk 0:01:51]} 31. f3 {[%clk 0:01:27]} fxg4
{[%clk 0:01:39]} 32. fxe4 {[%clk 0:01:41]} gxh3 {[%clk 0:01:56]} 33. Bf4
{[%clk 0:01:31]} Qc5+ {[%clk 0:02:01]} 34. Kh2 {[%clk 0:01:53]} hxg2
{[%clk 0:01:58]} 35. Rg1 {[%clk 0:00:51]} Qh5# {[%clk 0:02:21]} 0-1

[Event "EYCC 2024 - O10"]
[Site "?"]
[Date "2024.08.26"]
[Round "5.14"]
[White "Scrimieri, Gabriele"]
[Black "Neuschild, Marius"]
[Result "1-0"]
[BlackElo "1847"]
[WhiteElo "1720"]
[LiveChessVersion "1.4.8"]

1. e4 {[%clk 1:30:27]} c5 {[%clk 1:30:46]} 2. Nf3 {[%clk 1:28:45]} e6
{[%clk 1:31:01]} 3. d4 {[%clk 1:28:50]} cxd4 {[%clk 1:31:19]} 4. Nxd4
{[%clk 1:28:25]} Nf6 {[%clk 1:31:31]} 5. Nc3 {[%clk 1:28:50]} Nc6 6. Be2 Qc7 7.
a3 {[%clk 1:21:40]} d6 {[%clk 1:30:12]} 8. Bg5 {[%clk 1:17:54]} Be7
{[%clk 1:23:56]} 9. Bxf6 {[%clk 1:15:52]} gxf6 {[%clk 1:22:52]} 10. Qd2
{[%clk 1:15:03]} a6 {[%clk 1:18:47]} 11. O-O-O {[%clk 1:06:07]} b6
{[%clk 1:03:12]} 12. f4 {[%clk 0:52:02]} Bb7 {[%clk 0:51:18]} 13. Rhe1
{[%clk 0:45:18]} O-O-O {[%clk 0:47:40]} 14. f5 {[%clk 0:40:38]} Nxd4
{[%clk 0:44:41]} 15. Qxd4 {[%clk 0:40:08]} Rhg8 {[%clk 0:35:21]} 16. g3
{[%clk 0:36:34]} Qc5 {[%clk 0:32:16]} 17. Bc4 {[%clk 0:27:35]} Qxd4
{[%clk 0:25:11]} 18. Rxd4 {[%clk 0:26:50]} e5 {[%clk 0:24:38]} 19. Rd2
{[%clk 0:25:26]} Rg7 {[%clk 0:21:18]} 20. Bd5 {[%clk 0:24:39]} Rd7
{[%clk 0:20:08]} 21. Red1 {[%clk 0:22:33]} h5 {[%clk 0:16:14]} 22. Rd3
{[%clk 0:17:53]} b5 {[%clk 0:15:21]} 23. Bxb7+ {[%clk 0:16:56]} Kxb7 24. Nd5
{[%clk 0:17:18]} Bd8 {[%clk 0:15:20]} 25. Kd2 {[%clk 0:15:12]} Rg4
{[%clk 0:14:03]} 26. Ke2 {[%clk 0:15:12]} Rxe4+ {[%clk 0:12:22]} 27. Kf3
{[%clk 0:06:46]} Rg4 {[%clk 0:10:24]} 28. Re1 {[%clk 0:06:35]} Rg5
{[%clk 0:07:57]} 29. Ke4 {[%clk 0:03:49]} Rg4+ {[%clk 0:05:31]} 30. Kf3
{[%clk 0:02:49]} Rg8 {[%clk 0:04:35]} 31. h3 {[%clk 0:02:35]} Rg7
{[%clk 0:03:44]} 32. Re4 {[%clk 0:02:46]} Rg5 {[%clk 0:03:30]} 33. g4
{[%clk 0:02:35]} hxg4+ {[%clk 0:02:22]} 34. hxg4 {[%clk 0:03:02]} Rg8
{[%clk 0:02:17]} 35. a4 {[%clk 0:03:14]} Rh8 {[%clk 0:01:59]} 36. Kg2
{[%clk 0:03:37]} Kc6 {[%clk 0:01:25]} 37. axb5+ {[%clk 0:02:43]} axb5
{[%clk 0:01:30]} 38. c4 {[%clk 0:02:54]} bxc4 {[%clk 0:01:20]} 39. Rxc4+
{[%clk 0:03:14]} Kb5 {[%clk 0:01:19]} 40. Rc8 {[%clk 0:02:16]} Ra7
{[%clk 0:00:41]} 41. Rb3+ {[%clk 0:02:10]} Ka6 {[%clk 0:00:56]} 42. Rc6+
{[%clk 0:01:11]} Ka5 {[%clk 0:01:23]} 43. Nc3 1-0

[Event "EYCC 2024 - O10"]
[Site "?"]
[Date "2024.08.26"]
[Round "5.15"]
[White "Dermenjyan, Harutyun"]
[Black "Nikitakis, Michail"]
[Result "1/2-1/2"]
[BlackElo "1845"]
[WhiteElo "1416"]
[LiveChessVersion "1.4.8"]

1. d4 {[%clk 1:30:28]} Nf6 {[%clk 1:30:54]} 2. c4 {[%clk 1:30:54]} e6
{[%clk 1:31:21]} 3. Nc3 {[%clk 1:31:12]} Bb4 {[%clk 1:31:46]} 4. Bg5
{[%clk 1:31:09]} c5 {[%clk 1:31:57]} 5. a3 {[%clk 1:30:01]} Bxc3+
{[%clk 1:32:06]} 6. bxc3 {[%clk 1:30:23]} Qa5 {[%clk 1:32:28]} 7. Bd2
{[%clk 1:29:53]} Ne4 8. Qc2 {[%clk 1:29:38]} Nxd2 {[%clk 1:29:44]} 9. Qxd2
{[%clk 1:30:07]} Nc6 {[%clk 1:28:54]} 10. e3 {[%clk 1:30:16]} d5 {[%clk 1:26:49]}
11. Nf3 {[%clk 1:30:06]} dxc4 {[%clk 1:26:07]} 12. Bxc4 {[%clk 1:30:04]} b5
{[%clk 1:25:38]} 13. Bd3 {[%clk 1:30:04]} c4 {[%clk 1:06:39]} 14. Be4
{[%clk 1:27:28]} Bb7 {[%clk 1:06:35]} 15. O-O {[%clk 1:27:32]} Qc7
{[%clk 1:02:15]} 16. Qb2 {[%clk 1:26:20]} f5 {[%clk 0:55:57]} 17. Bc2
{[%clk 1:26:38]} Ba6 {[%clk 0:30:25]} 18. a4 Rb8 {[%clk 0:29:58]} 19. axb5
{[%clk 1:26:37]} Bxb5 {[%clk 0:30:04]} 20. Qa3 {[%clk 1:26:54]} a6
{[%clk 0:25:55]} 21. d5 {[%clk 1:27:10]} exd5 {[%clk 0:25:18]} 22. Qc5
{[%clk 1:27:35]} Qd7 {[%clk 0:20:09]} 23. Rfd1 {[%clk 1:27:56]} Ne7
{[%clk 0:16:13]} 24. e4 {[%clk 1:24:36]} fxe4 {[%clk 0:14:57]} 25. Bxe4
{[%clk 1:25:04]} O-O {[%clk 0:12:26]} 26. Bxd5+ {[%clk 1:24:54]} Nxd5
{[%clk 0:11:28]} 27. Rxd5 {[%clk 1:25:23]} Qb7 {[%clk 0:06:50]} 28. Ne5
{[%clk 1:24:54]} Rfd8 {[%clk 0:00:46]} 29. Rad1 {[%clk 1:23:17]} Rxd5
{[%clk 0:01:01]} 30. Rxd5 {[%clk 1:23:46]} Re8 {[%clk 0:00:32]} 31. h3
{[%clk 1:23:35]} h6 {[%clk 0:00:33]} 1/2-1/2

[Event "EYCC 2024 - O10"]
[Site "?"]
[Date "2024.08.26"]
[Round "5.16"]
[White "Mueller, Konstantin"]
[Black "Hummatov, Safa"]
[Result "0-1"]
[BlackElo "1742"]
[WhiteElo "1835"]
[LiveChessVersion "1.4.8"]

1. e4 {[%clk 1:30:56]} c5 {[%clk 1:30:54]} 2. Nf3 {[%clk 1:31:21]} a6
{[%clk 1:31:10]} 3. c3 {[%clk 1:31:47]} d5 {[%clk 1:31:32]} 4. exd5
{[%clk 1:32:06]} Qxd5 {[%clk 1:31:53]} 5. d4 {[%clk 1:32:29]} Nf6
{[%clk 1:31:09]} 6. dxc5 {[%clk 1:31:52]} Qxc5 7. Be3 {[%clk 1:30:39]} Qc7
{[%clk 1:26:54]} 8. Be2 {[%clk 1:27:43]} Nc6 {[%clk 1:19:54]} 9. Na3
{[%clk 1:26:00]} Bg4 {[%clk 1:16:35]} 10. O-O {[%clk 1:19:21]} e6
{[%clk 1:15:00]} 11. Qa4 {[%clk 1:14:39]} Be7 {[%clk 1:10:54]} 12. Nb5
{[%clk 1:05:21]} Qc8 {[%clk 1:06:51]} 13. Na7 {[%clk 1:02:11]} Rxa7
{[%clk 1:05:38]} 14. Bxa7 {[%clk 1:02:34]} b5 {[%clk 1:06:00]} 15. Bxb5
{[%clk 1:02:54]} axb5 {[%clk 1:06:17]} 16. Qxb5 {[%clk 1:03:17]} Bxf3
{[%clk 1:05:40]} 17. gxf3 {[%clk 1:03:39]} O-O {[%clk 1:06:04]} 18. Be3
{[%clk 0:59:59]} Nd5 {[%clk 1:05:18]} 19. Rfd1 {[%clk 0:56:14]} Ne5
{[%clk 1:01:34]} 20. Qe2 {[%clk 0:46:14]} Qc6 {[%clk 1:01:33]} 21. f4
{[%clk 0:41:36]} Nc4 {[%clk 0:48:29]} 22. Rd3 {[%clk 0:29:00]} Ncxe3
{[%clk 0:30:06]} 23. fxe3 {[%clk 0:26:14]} Bc5 {[%clk 0:29:40]} 24. Rf1
{[%clk 0:22:47]} Qb5 {[%clk 0:19:22]} 25. Rf2 {[%clk 0:20:21]} Qc4
{[%clk 0:18:38]} 26. Kf1 {[%clk 0:11:50]} Qe4 {[%clk 0:16:51]} 27. Rf3
{[%clk 0:11:55]} Rd8 {[%clk 0:12:27]} 28. Ke1 {[%clk 0:10:49]} Rd6
{[%clk 0:11:11]} 29. Kd2 {[%clk 0:08:38]} h6 {[%clk 0:04:30]} 30. b3
{[%clk 0:06:59]} Nxc3 {[%clk 0:01:57]} 31. Kxc3 {[%clk 0:04:29]} Bb4+
{[%clk 0:02:07]} 32. Kc2 {[%clk 0:04:28]} Rxd3 {[%clk 0:02:30]} 33. Qxd3
{[%clk 0:04:50]} Qxf3 {[%clk 0:02:53]} 34. Kb1 {[%clk 0:02:15]} Qh1+
{[%clk 0:03:07]} 35. Kb2 {[%clk 0:02:37]} Qxh2+ {[%clk 0:03:27]} 36. Qc2
{[%clk 0:02:39]} Qxc2+ {[%clk 0:03:52]} 37. Kxc2 {[%clk 0:03:06]} h5
{[%clk 0:04:12]} 38. Kd3 {[%clk 0:03:33]} h4 {[%clk 0:04:33]} 39. Ke2
{[%clk 0:03:52]} f6 {[%clk 0:04:55]} 40. Kf3 {[%clk 0:04:20]} g5 {[%clk 0:05:22]}
41. Kg4 {[%clk 0:04:40]} f5+ {[%clk 0:05:41]} 42. Kh3 {[%clk 0:04:53]} g4+
{[%clk 0:06:03]} 43. Kxh4 {[%clk 0:05:20]} Be1+ {[%clk 0:06:27]} 44. Kg5
{[%clk 0:05:47]} g3 {[%clk 0:06:53]} 45. Kf6 {[%clk 0:06:11]} g2 {[%clk 0:07:16]}
46. Ke5 {[%clk 0:06:34]} g1=Q {[%clk 0:07:39]} 47. Kd6 {[%clk 0:06:58]} Qxe3
{[%clk 0:08:05]} 48. Ke7 {[%clk 0:07:25]} Bb4+ {[%clk 0:08:26]} 49. Kf6
{[%clk 0:07:43]} Qxf4 {[%clk 0:08:49]} 50. a3 {[%clk 0:08:07]} e5
{[%clk 0:09:00]} 51. axb4 {[%clk 0:08:32]} e4 {[%clk 0:09:26]} 52. b5
{[%clk 0:08:58]} e3 53. b6 {[%clk 0:09:26]} e2 {[%clk 0:10:15]} 54. b7
{[%clk 0:09:44]} e1=Q {[%clk 0:10:42]} 55. b4 {[%clk 0:10:07]} Qee5+
{[%clk 0:11:05]} 56. Kg6 {[%clk 0:10:32]} Qe6+ {[%clk 0:11:30]} 57. Kh5
{[%clk 0:10:58]} Qeh6# 0-1